000
00363nam a2200133Ia 4500
008
231129s1999||||xx |||||||||||||| ||spa||
020
_a
958-30-0572-X
040
_b
spa
082
_a
Co863.086 C965
245
0
_a
Cuentos costumbristas colombianos: obras maestras
260
_c
1999
264
_a
Panamericana
942
_2
ddc
_c
BKS
999
_c
847
_d
847